Биомеханические и физиологические факторы обеспечения техники целевых ударных действий в футболе; Бюллетень Сибирской медицины; № 3

Detalhes bibliográficos
Parent link:Бюллетень Сибирской медицины.— , 2001-
№ 3.— 2009.— С. 53-58
Outros Autores: Кошельская Е. В. Елена Владимировна, Баженов В. Н., Буравель О. И., Капилевич Л. В. Леонид Владимирович, Андреев В. И. Владимир Игоревич
Resumo:Изучены биомеханические особенности техники выполнения ударов по мячу в футболе. При помощи методов электромиографии и стабилографии были обследованы 45 мужчин в возрасте от 18 до 27 лет. Показано, что стабилографические и электромиографические характеристики выполнения ударов по мячу могут служить индикаторами технической подготовленности спортсменов. При этом техника выполнения прямого удара формируется на этапе спортивного совершенствования, а боковых - на этапе высшего спортивного мастерства. У футболистов высокой квалификации роль зрительного анализатора в поддержании равновесия незначительна, тогда как у низко- и среднеквалифицированных показатели функции равновесия ухудшаются при отмене зрительного контроля.
В фонде НТБ ТПУ отсутствует
Idioma:russo
Publicado em: 2009
Assuntos:
Formato: MixedMaterials Capítulo de Livro
KOHA link:https://koha.lib.tpu.ru/cgi-bin/koha/opac-detail.pl?biblionumber=597927

MARC

LEADER 00000naa0a2200000 4500
001 597927
005 20250217135344.0
035 |a (RuTPU)RU\TPU\tpu\21391 
090 |a 597927 
100 |a 20120531d2009 k||y0rusy50 ca 
101 0 |a rus 
102 |a RU 
200 1 |a Биомеханические и физиологические факторы обеспечения техники целевых ударных действий в футболе  |f Е. В. Кошельская [и др.] 
320 |a Библиогр.: с. 57 (6 назв.) 
330 |a Изучены биомеханические особенности техники выполнения ударов по мячу в футболе. При помощи методов электромиографии и стабилографии были обследованы 45 мужчин в возрасте от 18 до 27 лет. Показано, что стабилографические и электромиографические характеристики выполнения ударов по мячу могут служить индикаторами технической подготовленности спортсменов. При этом техника выполнения прямого удара формируется на этапе спортивного совершенствования, а боковых - на этапе высшего спортивного мастерства. У футболистов высокой квалификации роль зрительного анализатора в поддержании равновесия незначительна, тогда как у низко- и среднеквалифицированных показатели функции равновесия ухудшаются при отмене зрительного контроля. 
333 |a В фонде НТБ ТПУ отсутствует 
461 |t Бюллетень Сибирской медицины  |d 2001- 
463 |t № 3  |v С. 53-58  |d 2009 
610 1 |a труды учёных ТПУ 
701 1 |a Кошельская  |b Е. В.  |c специалист по учебно-методической работе Томского политехнического университета  |g Елена Владимировна  |3 (RuTPU)RU\TPU\pers\29279  |4 070 
701 1 |a Баженов  |b В. Н. 
701 1 |a Буравель  |b О. И. 
701 1 |a Капилевич  |b Л. В.  |c специалист в области физической культуры и спорта  |c профессор Томского политехнического университета, доктор медицинских наук  |f 1963-  |g Леонид Владимирович  |3 (RuTPU)RU\TPU\pers\24823  |4 070  |9 11028 
701 1 |a Андреев  |b В. И.  |c специалист в области физической культуры и спорта  |c профессор Томского политехнического университета, доктор педагогических наук  |f 1954-  |g Владимир Игоревич  |3 (RuTPU)RU\TPU\pers\24802  |4 070  |9 11017 
801 1 |a RU  |b 63413507  |c 20120531 
942 |c CR